Skip to main content
Your cart is empty.
Your lists
Log in to create your own lists
Your cookies
العربية
English
العربية
Home
Search
Advanced search
Authority search
About
The noble scholar, jurist, historian
His Excellency Dr. Abdul Wahhab bin Ibrahim Abu Sulaiman, may Allah have mercy on him.
He was born in Umm Al-Qura in the year 1356 AH.
Library catalog
Title
Author
Subject
ISBN
ISSN
Series
Call number
Log in to your account
×
Login:
Password:
Home
MARC view: مناهج المحدثين العامة والخاصة :
Normal view
MARC view
ISBD view
مناهج المحدثين العامة والخاصة : (Record no. 12372)
[
view plain
]
MARC details
000 -LEADER
fixed length control field
02416cam a2200301 i 4500
003 - CONTROL NUMBER IDENTIFIER
control field
SA-RiAUC
005 - DATE AND TIME OF LATEST TRANSACTION
control field
20251005113326.0
008 - FIXED-LENGTH DATA ELEMENTS--GENERAL INFORMATION
fixed length control field
251002s2003 le f 000 0 ara c
024 0# - OTHER STANDARD IDENTIFIER
Standard number or code
00000000960902
040 ## - CATALOGING SOURCE
Original cataloging agency
SA-RiAUC
Language of cataloging
ara
Transcribing agency
SA-RiAUC.
Modifying agency
AE-DuMBRL
Description conventions
rda
050 #4 - LIBRARY OF CONGRESS CALL NUMBER
Item number
B57 2003
082 04 - DEWEY DECIMAL CLASSIFICATION NUMBER
Classification number
230.7
Assigning agency
SA-RiAUC
090 ## - LOCALLY ASSIGNED LC-TYPE CALL NUMBER (OCLC); LOCAL CALL NUMBER (RLIN)
Classification number (OCLC) (R) ; Classification number, CALL (RLIN) (NR)
230.7
Local cutter number (OCLC) ; Book number/undivided call number, CALL (RLIN)
ب ق ا
100 1# - MAIN ENTRY--PERSONAL NAME
Personal name
بقاعي، علي نايف
Relator term
مؤلف.
245 10 - TITLE STATEMENT
Title
مناهج المحدثين العامة والخاصة :
Remainder of title
الصناعة الحديثية /
Statement of responsibility, etc.
علي نايف بقاعي.
250 ## - EDITION STATEMENT
Edition statement
الطبعة الأولى.
264 #1 - PRODUCTION, PUBLICATION, DISTRIBUTION, MANUFACTURE, AND COPYRIGHT NOTICE
Place of production, publication, distribution, manufacture
بيروت :
Name of producer, publisher, distributor, manufacturer
دار البشائر الإسلامية،
Date of production, publication, distribution, manufacture, or copyright notice
2003.
300 ## - PHYSICAL DESCRIPTION
Extent
222 صفحة.؛
Dimensions
24 سم.
336 ## - CONTENT TYPE
Content type term
نص
Content type code
txt
Source
rdacontent
Materials specified
كتاب
337 ## - MEDIA TYPE
Media type term
بدون وسيط
Media type code
n
Source
rdamedia
338 ## - CARRIER TYPE
Carrier type term
مجلد
Carrier type code
nc
Source
rdacarrier
490 0# - SERIES STATEMENT
Series statement
مناهج المحدثين ؛
Volume/sequential designation
3
520 ## - SUMMARY, ETC.
Summary, etc.
هذا هو الكتاب الثالث والأخير من سلسلة مناهج المحدثين : "مناهج المحدثين العامة والخاصة الصناعية الحديثية" يأتي خاتما للسلسلة التي كان أولها كتاب "تخريج الحديث الشريف"، وكان واسطة عقدها كتاب "دراسة أسانيد الحديث الشريف". وجاء ترتيب هذا الكتاب الأخير من هذه السلسلة على نمط مبتكر، لعله يكون نموذجا يحتذي في الكتابة في مناهج المحدثين عموما، وفي منهج كتاب محدث واحد على وجه الخصوص. وكانت طريقة "الدكتور علي نايف بقاعي" في هذا الكتاب تقسيم مناهج المحدثين إلى موضوعات جزئية، ثم بعد ذلك يذكر تحت كل موضوع منها مناهج الأئمة الواحد تلو الآخر في هذا الموضوع. مثال ذلك : موضوع "ترتيب الأحاديث"، ذكر تحته منهج البخاري في ترتيب أحاديثه، ثم منهج مسلم، ثم مناهج أبي داود للترميذي والنسائي وهكذا في كل موضوع.
650 #7 - SUBJECT ADDED ENTRY--TOPICAL TERM
Topical term or geographic name entry element
الحديث
General subdivision
مناهج بحث
Source of heading or term
aucsh
942 ## - ADDED ENTRY ELEMENTS (KOHA)
Source of classification or shelving scheme
Dewey Decimal Classification
Koha item type
Books
Suppress in OPAC
No
949 ## - LOCAL PROCESSING INFORMATION (OCLC)
a
SA-JeALM
d
251002
u
mohamedma123
n
1
Holdings
Withdrawn status
Lost status
Source of classification or shelving scheme
Damaged status
Not for loan
Home library
Current library
Date acquired
Total checkouts
Full call number
Barcode
Date last seen
Price effective from
Koha item type
Dewey Decimal Classification
DR AbdElwahab Library
DR AbdElwahab Library
10/05/2025
230.7 ب ق ا
000019909
10/05/2025
10/05/2025
Books
Place hold
Print
Add to your cart
(remove)
Save record
BIBTEX
Dublin Core
MARCXML
MARC (non-Unicode/MARC-8)
MARC (Unicode/UTF-8)
MARC (Unicode/UTF-8, Standard)
MODS (XML)
RIS
ISBD
More searches
Search for this title in:
Other Libraries (WorldCat)
Other Databases (Google Scholar)
Online Stores (Bookfinder.com)
Open Library (openlibrary.org)
Exporting to Dublin Core...
×
Simple DC-RDF
OAI-DC
SRW-DC